LEADER 01357oam 2200385 a 450 001 9910697168103321 005 20230902162112.0 035 $a(CKB)5470000002385229 035 $a(OCoLC)636022827 035 $a(EXLCZ)995470000002385229 100 $a20100602d2010 ua 0 101 0 $aeng 135 $aurbn||||||||| 181 $ctxt$2rdacontent 182 $cc$2rdamedia 183 $acr$2rdacarrier 200 14$aThe budget and economic outlook$b[electronic resource] $ehearing before the Committee on the Budget, House of Representatives, One Hundred Eleventh Congress, second session, hearing held in Washington, DC, January 27, 2010 210 1$aWashington :$cU.S. G.P.O.,$d2010. 215 $a1 online resource (iii, 55 pages) $cillustrations 300 $aTitle from title screen (viewed on June 2, 2010). 300 $a"Serial no. 111-20." 517 $aBudget and economic outlook 606 $aBudget$zUnited States 606 $aEconomic forecasting$zUnited States 607 $aUnited States$xEconomic conditions$y2009- 607 $aUnited States$xAppropriations and expenditures 615 0$aBudget 615 0$aEconomic forecasting 801 0$bGPO 801 1$bGPO 801 2$bGPO 906 $aBOOK 912 $a9910697168103321 996 $aThe budget and economic outlook$91908625 997 $aUNINA